000 00635nam a2200181Ia 4500
008 090630s9999 xx 000 0 und d
082 _b27058
100 _aलागू चिंतामणी.
245 _aपाठलाग.
_cलागू चिंतामणी.
260 _bनंदादीप बुक सर्व्हिसेस - सोलापूर.
_c2005
300 _a200
600 _aलागू चिंतामणी.
630 _aपाठलाग.
655 _aकादंबरी.
700 _aलागू चिंतामणी.
730 _aपाठलाग.
942 _cBOOK
999 _c278914
_d278914